| 000 | 00974nam a2200265 i 4500 | ||
|---|---|---|---|
| 003 | EG-ScBUE | ||
| 005 | 20230709115509.0 | ||
| 008 | 091115s2006 ua o f b 000 0 eara d | ||
| 017 | _a2006 / 4688 | ||
| 040 |
_aEG-ScBUE _bara _erda _cEG-ScBUE _dEG-ScBUE |
||
| 082 | 0 | 4 |
_222 _a791.43 _bف ت ح |
| 100 | 1 |
_aفتحي، محمد، _eمؤلف. |
|
| 245 | 1 | 2 |
_aالسينما والعولمة / _cد. محمد فتحي |
| 260 | _c2006 | ||
| 264 | 1 |
_aالقاهرة : _bالهيئة العامة لقصور الثقافة، _c2006. |
|
| 300 |
_a231 صفحة : _bصور ؛ _c22 سم |
||
| 336 |
_2rdacontent _aنص _btxt |
||
| 337 |
_2rdamedia _aبدون وسيط _bn |
||
| 338 |
_2rdacarrier _aمجلد _bnc |
||
| 490 | 0 |
_aآفاق السينما للثقافة السينمائية والتليفزيونية ؛ _v46 |
|
| 504 | _aيشتمل على إرجاعات ببليوجرافية. | ||
| 650 | 7 |
_99348 _aالسينما. _2BUEsh |
|
| 655 | _vReading book | ||
| 942 |
_2ddc _cBB |
||
| 999 |
_c12908 _d12908 |
||